La educación de sí mismo
Gardado en:
| Autor Principal: | |
|---|---|
| Formato: | Libro |
| Idioma: | Lingua castelá |
| Publicado: |
Barcelona
Herder
1967
|
| Edición: | 3a. ed |
| Series: | Biblioteca Herder. Sección de Pedagogía, 35
|
| Subjects: | |
| Tags: |
Engadir etiqueta
Sen Etiquetas, Sexa o primeiro en etiquetar este rexistro!
|
MARC
| LEADER | 00000cam a2200000 a 4500 | ||
|---|---|---|---|
| 001 | UCD2381 | ||
| 003 | CL-VaPUC | ||
| 008 | 160421e19670000sp |||||||||||||||||spa|d | ||
| 082 | 0 | 4 | |a 371.3 |b SCH |2 21 |
| 100 | 0 | |a Schneider, Friedrich |e author |9 355461 | |
| 245 | 1 | 3 | |a La educación de sí mismo |
| 250 | |a 3a. ed | ||
| 300 | |a 334 p | ||
| 942 | |c BK | ||
| 945 | |d 20160421 23:07:00 |a arojas | ||
| 260 | |a Barcelona |b Herder |c 1967 | ||
| 650 | 0 | |a Educación |9 258661 | |
| 650 | 0 | |a Métodos de aprendizaje |9 334464 | |
| 650 | 0 | |a Ética |9 255099 | |
| 650 | 0 | |a Aprendizaje |9 254827 | |
| 650 | 0 | |a Educación religiosa |9 308312 | |
| 583 | |a last modification |c 20160421 23:07:00 |k Rodrigo Vera | ||
| 490 | 0 | |a Biblioteca Herder. Sección de Pedagogía, 35 | |
| 999 | |c 363543 |d 363541 | ||
| 952 | |0 0 |1 0 |3 erd |4 0 |6 371_300000000000000_SCH_1967 |7 0 |8 A |9 476004 |a BIBEDU |b BIBEDU |e Villagrán Garnham, Jorge |i 5301394 |o 371.3 SCH 1967 |p 5301394 |r 2019-11-24 |w 2019-11-24 |y BK |z Catalogado en:20160421 |k EPE | ||